000 00248nam a2200097Ia 4500
001 760579
005 20250826165151.0
008 250824s9999 xx 000 0 und d
245 0 _aKÜÇÜK PRENS
_cANTOINE DE SAINT-EXUPERY
260 _bPANAMA YAYINLARI
999 _c760579
_d760579